000
00250nam a2200109Ia 4500
008
190216s9999||||xx |||||||||||||| ||und||
100
_a
Dharmapadam .av
245
0
_a
Statistics
260
_b
Viswanathan Pvt.Ltd
650
_a
Mathematics
942
_c
BK
999
_c
37168
_d
37168